<?xml version="1.0" encoding="UTF-8"?>
<collection xmlns="http://www.loc.gov/MARC21/slim">
 <record>
  <leader>01591naa a2200337 c 4500</leader>
  <controlfield tag="001">1931778701</controlfield>
  <controlfield tag="003">DE-627</controlfield>
  <controlfield tag="005">20250725112118.0</controlfield>
  <controlfield tag="007">cr uuu---uuuuu</controlfield>
  <controlfield tag="008">250725s2014    xx |||||oo    00| ||spa c</controlfield>
  <datafield tag="035" ind1=" " ind2=" ">
   <subfield code="a">(DE-627)1931778701</subfield>
  </datafield>
  <datafield tag="035" ind1=" " ind2=" ">
   <subfield code="a">(DE-599)KXP1931778701</subfield>
  </datafield>
  <datafield tag="040" ind1=" " ind2=" ">
   <subfield code="a">DE-627</subfield>
   <subfield code="b">ger</subfield>
   <subfield code="c">DE-627</subfield>
   <subfield code="e">rda</subfield>
  </datafield>
  <datafield tag="041" ind1=" " ind2=" ">
   <subfield code="a">spa</subfield>
  </datafield>
  <datafield tag="084" ind1=" " ind2=" ">
   <subfield code="a">KUNST</subfield>
   <subfield code="q">DE-16</subfield>
   <subfield code="2">fid</subfield>
  </datafield>
  <datafield tag="100" ind1="1" ind2=" ">
   <subfield code="a">Buxán Bran, Xosé M.</subfield>
   <subfield code="e">VerfasserIn</subfield>
   <subfield code="0">(DE-588)1023547937</subfield>
   <subfield code="0">(DE-627)718403878</subfield>
   <subfield code="0">(DE-576)366953478</subfield>
   <subfield code="4">aut</subfield>
  </datafield>
  <datafield tag="245" ind1="1" ind2="0">
   <subfield code="a">[Rezension von: Ortuzar, Mónica, Beuysiana]</subfield>
   <subfield code="c">Xosé M. Buxán Bran</subfield>
  </datafield>
  <datafield tag="264" ind1=" " ind2="1">
   <subfield code="c">2014</subfield>
  </datafield>
  <datafield tag="300" ind1=" " ind2=" ">
   <subfield code="b">Illustrationen</subfield>
  </datafield>
  <datafield tag="336" ind1=" " ind2=" ">
   <subfield code="a">Text</subfield>
   <subfield code="b">txt</subfield>
   <subfield code="2">rdacontent</subfield>
  </datafield>
  <datafield tag="337" ind1=" " ind2=" ">
   <subfield code="a">Computermedien</subfield>
   <subfield code="b">c</subfield>
   <subfield code="2">rdamedia</subfield>
  </datafield>
  <datafield tag="338" ind1=" " ind2=" ">
   <subfield code="a">Online-Ressource</subfield>
   <subfield code="b">cr</subfield>
   <subfield code="2">rdacarrier</subfield>
  </datafield>
  <datafield tag="655" ind1=" " ind2="7">
   <subfield code="a">Rezension</subfield>
   <subfield code="0">(DE-588)4049712-4</subfield>
   <subfield code="0">(DE-627)106186019</subfield>
   <subfield code="0">(DE-576)209083166</subfield>
   <subfield code="2">gnd-content</subfield>
  </datafield>
  <datafield tag="773" ind1="0" ind2="8">
   <subfield code="i">Enthalten in</subfield>
   <subfield code="t">Revista de bellas artes</subfield>
   <subfield code="d">La Laguna : Servicio de Publ., 2002</subfield>
   <subfield code="g">12(2014), Seite 233-235</subfield>
   <subfield code="h">Online-Ressource</subfield>
   <subfield code="w">(DE-627)780895665</subfield>
   <subfield code="w">(DE-600)2761526-1</subfield>
   <subfield code="w">(DE-576)402978188</subfield>
   <subfield code="7">nnas</subfield>
  </datafield>
  <datafield tag="773" ind1="1" ind2="8">
   <subfield code="g">volume:12</subfield>
   <subfield code="g">year:2014</subfield>
   <subfield code="g">pages:233-235</subfield>
  </datafield>
  <datafield tag="787" ind1="0" ind2="8">
   <subfield code="i">Rezension von</subfield>
   <subfield code="a">Ortuzar, Mónica, 1964 - </subfield>
   <subfield code="t">Beuysiana</subfield>
   <subfield code="d">Vigo : Servizo de Publ. da Univ. de Vigo, 2011</subfield>
   <subfield code="h">149 S.</subfield>
   <subfield code="w">(DE-627)730740056</subfield>
   <subfield code="w">(DE-576)377930741</subfield>
   <subfield code="z">9788481585650</subfield>
   <subfield code="z">8481585653</subfield>
  </datafield>
  <datafield tag="856" ind1="4" ind2="0">
   <subfield code="u">https://www.ull.es/revistas/index.php/artes/article/view/6647</subfield>
   <subfield code="x">Verlag</subfield>
   <subfield code="z">kostenfrei</subfield>
   <subfield code="3">Volltext</subfield>
   <subfield code="7">0</subfield>
  </datafield>
  <datafield tag="951" ind1=" " ind2=" ">
   <subfield code="a">AR</subfield>
  </datafield>
  <datafield tag="994" ind1=" " ind2=" ">
   <subfield code="u">https://www.ull.es/revistas/index.php/artes/article/download/6647/4527/</subfield>
  </datafield>
  <datafield tag="991" ind1=" " ind2=" ">
   <subfield code="a">Rezension (Monographie, Zeitschrift, Aufsatz)</subfield>
  </datafield>
  <datafield tag="999" ind1=" " ind2=" ">
   <subfield code="a">KXP-PPN1931778701</subfield>
   <subfield code="e">492349722X</subfield>
  </datafield>
 </record>
</collection>
